000 00258nam a2200097Ia 4500
082 _aJ 966.9 HAMI
245 0 _aNigeria in pictures
100 _a HAMILTON, Janice Minneapolis, 2003
_995012
942 _cBK
008 210817s9999 xx 000 0 und d
999 _c391722
_d391720